000 00293nam a22001217a 4500
999 _c155325
_d155325
082 _a
_b
245 _aVamseeya sangeetham/
_cby M K Nambiar (ed.)
260 _aKannur:
_bKerala Folklore Academy,
_c2011.
300 _a
650 _a Folklore
700 _aM K Nambiar (ed.)
942 _cBK